Experimenty s IoT sieťami

Na minha lista:
Detalhes bibliográficos
Autor principal: Kabašta, Patrik (Author)
Outros Autores: Páleník, Tomáš (Thesis advisor)
Formato: Manuscrito Livro
Idioma:eslovaco
Publicado em: Bratislava : STU v Bratislave FEI, 2020
Assuntos:
Acesso em linha:https://opac.crzp.sk/?fn=detailBiblioForm&sid=F0D9EA643ED4040314EA151BE0B8&seo=CRZP-detail-kniha
Tags: Adicionar Tag
Sem tags, seja o primeiro a adicionar uma tag!

MARC

LEADER 00000ntm a22000003a 4500
001 stuzp76688
003 SK-STU
005 20201221072016.8
007 ta
008 150427s2015----xo-----f-mn---000-0-slo-d
040 |a STU  |b slo 
041 0 |a slo 
044 |a xo 
100 1 |a Kabašta, Patrik  |u 037000  |4 aut  |U FEI Fakulta elektrotechniky a informatiky  |T FEI Ústav multimediálnych informačných a komunikačných technológií  |X 79876  |U E070  |Y 818  |7 79876 
242 0 1 |a Experiments with IoT networks  |y eng 
245 1 0 |a Experimenty s IoT sieťami 
260 |c Bratislava :  |c STU v Bratislave FEI,  |c 2020 
300 |a 46 s. 
650 4 |a LoRa  |2 slo 
650 4 |a LoRaWAN  |2 slo 
650 4 |a IoT  |2 slo 
650 4 |a LPWAN  |2 slo 
650 4 |a IoT  |2 eng 
650 4 |a LoRa  |2 eng 
650 4 |a LoRaWAN  |2 eng 
650 4 |a LPWAN  |2 eng 
700 1 |a Páleník, Tomáš  |u 037000  |k Z1  |4 ths  |U FEI Fakulta elektrotechniky a informatiky  |T FEI Ústav multimediálnych informačných a komunikačných technológií  |X 19622  |U E070  |Y 818  |7 A000019622 
856 4 |u https://opac.crzp.sk/?fn=detailBiblioForm&sid=F0D9EA643ED4040314EA151BE0B8&seo=CRZP-detail-kniha